LIBRARY & INFORMATION CENTRE, KCAET, TAVANUR

ONLINE PUBLIC ACCESS CATALOGUE (OPAC)

Lamp and the lute / (Record no. 6526)

MARC details
000 -LEADER
fixed length control field 00370cam a2200157ua 4500
041 ## - LANGUAGE CODE
Language code of text/sound track or separate title eng
082 ## - DEWEY DECIMAL CLASSIFICATION NUMBER
Classification number 828.09
Item number DOB/LA
100 ## - MAIN ENTRY--AUTHOR NAME
Personal name Dobree, Bonamy .
245 ## - TITLE STATEMENT
Title Lamp and the lute /
250 ## - EDITION STATEMENT
Edition statement 2 /
260 ## - PUBLICATION, DISTRIBUTION, ETC. (IMPRINT)
Place of publication :
Name of publisher Frank Cass & Co ,
Year of publication 1964.
300 ## - PHYSICAL DESCRIPTION
Number of Pages 171 ; .
942 ## - ADDED ENTRY ELEMENTS (KOHA)
Koha item type Books
Holdings
Withdrawn status Lost status Damaged status Home library Current library Date acquired Full call number Accession Number Koha item type
Withdrawn     KAUAET Sanskrit University 07/04/2012 828.09 11595 Books
free website counter